000 00753nam a2200217 a 4500
001 000019376
005 20200929170010.0
008 100628t2004 dr a 001 0 spa d
040 _aDO-SdBNP
_bspa
_cBNPHU
082 _aH841.92
_bJ83r
100 1 _aJoseph, Lucnel,
_d1982-
_941621
245 1 0 _aReflejo de un corazón suspirante /
_cJoseph Lucnel ; prólogo Víctor Manuel Burgos.
260 _a[República Dominicana] :
_bSadiro,
_c2004.
300 _a49 p. :
_bil. ;
_c22 cm.
500 _aIncluye datos biográficos del autor en la contracubierta.
650 4 _aPoesía haitiana
_941622
650 4 _aLiteratura haitiana
_93197
700 1 _aBurgos, Víctor Manuel,
_epról.
_941623
910 _aValidado. Control de calidad EMS.
049 _aBNPD
999 _c18893
_d18893